Las consecuencias jurídicas del delito

সংরক্ষণ করুন:
গ্রন্থ-পঞ্জীর বিবরন
প্রধান লেখক: Ortiz Quiroga, Luis (autor), Arévalo Cunich, Javier (Author)
বিন্যাস: গ্রন্থ
ভাষা:স্প্যানিশ
প্রকাশিত: Santiago Jurídica de Chile 2013
বিষয়গুলি:
ট্যাগগুলো: ট্যাগ যুক্ত করুন
কোনো ট্যাগ নেই, প্রথমজন হিসাবে ট্যাগ করুন!

MARC

LEADER 00000cam a2200000 a 4500
001 UCF7170
003 CL-VaPUC
008 130613e20130500CL |||||||||||||||||spa|d
020 |a 9789561022485 
082 0 4 |a 364.1  |b ORT  |2 21 
100 |a Ortiz Quiroga, Luis  |e autor  |9 767389 
700 0 |a Arévalo Cunich, Javier  |e author  |9 569173 
245 1 4 |a Las consecuencias jurídicas del delito 
300 |a 607 p 
942 |c BK 
945 |d 20130613 00:00:00  |a dcastane 
260 |a Santiago  |b Jurídica de Chile  |c 2013 
650 0 |a Delitos  |9 224143 
650 7 |a DERECHO PENAL  |2 CL-VaPUC  |9 11 
650 0 |a Penas   |9 255927 
583 |a last modification  |c 20130613 14:21:00  |k Rodrigo Vera 
999 |c 352089  |d 352087 
952 |0 0  |1 0  |4 0  |6 364_100000000000000_ORT_2013  |7 0  |8 A  |9 456627  |a BIBDER  |b BIBDER  |d 2019-11-22  |i 4978463  |l 33  |m 6  |o 364.1 ORT 2013  |p 4978463  |r 2025-04-29  |s 2025-04-11  |w 2019-11-22  |y BK  |k DER